|
|
|
|
| LEADER |
01016nam a2200265 a 4500 |
| 001 |
2087143 |
| 008 |
100502s1996 enk b 001 0deng d |
| 010 |
|
|
|a 95017019
|
| 020 |
|
|
|a 0521365864 (hc)
|
| 020 |
|
|
|a 0521367670 (pb)
|
| 040 |
|
|
|a DLC
|c DLC
|d DLC
|d BD-DhAAL
|
| 082 |
0 |
0 |
|a 193
|2 20
|
| 245 |
0 |
4 |
|a The Cambridge companion to Nietzsche /
|c edited by Bernd Magnus, Kathleen M. Higgins.
|
| 246 |
3 |
0 |
|a Nietzsche
|
| 260 |
|
|
|a Cambridge [England] ;
|a New York, NY, USA :
|b Cambridge University Press,
|c 1996.
|
| 300 |
|
|
|a ix, 403 p. ;
|c 24 cm.
|
| 504 |
|
|
|a Includes bibliographical references (p. 385-397) and index.
|
| 541 |
1 |
|
|e 00014576
|
| 600 |
1 |
0 |
|a Nietzsche, Friedrich Wilhelm,
|d 1844-1900.
|
| 700 |
1 |
|
|a Magnus, Bernd.
|
| 700 |
1 |
|
|a Higgins, Kathleen Marie.
|
| 852 |
4 |
|
|a Ayesha Abed Library
|j General shelf
|
| 942 |
0 |
0 |
|0 1
|
| 999 |
|
|
|c 8368
|d 8368
|
| 952 |
|
|
|0 0
|1 0
|2 ddc
|4 0
|6 193_000000000000000_CAM_1996
|7 0
|9 9701
|a BRACUL
|b BRACUL
|c GEN
|d 2010-05-04
|l 10
|m 53
|o 193 CAM
|p 3010014576
|r 2025-11-16
|s 2025-11-11
|t 1
|w 2010-05-04
|y BK
|